|
|
|
|
| LEADER |
00650nab a2200181 i 4500 |
| 001 |
acta667 |
| 005 |
20210310125717.0 |
| 008 |
161015s1965 hu o 0|| rus d |
| 022 |
|
|
|a 0586-3732
|
| 040 |
|
|
|a SZTE Egyetemi Kiadványok Repozitórium
|b hun
|
| 041 |
|
|
|a rus
|
| 100 |
1 |
|
|a Jakócs Dániel
|
| 245 |
1 |
0 |
|a Gleb Uspenskij v ocenke G. V. Plehanova
|h [elektronikus dokumentum] /
|c Jakócs Dániel
|
| 260 |
|
|
|c 1965
|
| 300 |
|
|
|a 49-54
|
| 490 |
0 |
|
|a Dissertationes slavicae
|v 3
|
| 695 |
|
|
|a Uspenskij Gleb Ivanovič, Plehanov Georgij Valentinovič, Irodalomtudomány
|
| 856 |
4 |
0 |
|u http://acta.bibl.u-szeged.hu/667/1/dissert_slav_003_049-054.pdf
|z Dokumentum-elérés
|